| 000 | 03420njm a2200541Ia 4500 | ||
|---|---|---|---|
| 001 | 27446 | ||
| 003 | IT-RoPAU | ||
| 005 | 20220918181212.0 | ||
| 008 | 131025s9999 xx 000 0 und d | ||
| 040 | _aIT-RoPAU | ||
| 040 | _cIT-RoPAU | ||
| 999 |
_c103728 _d103728 |
||
| 999 | _bn.d. | ||
| 100 |
_aAA.VV. _9794 |
||
| 100 |
_eAutore musica _918064 |
||
| 100 |
_gCodice autore musica SPICS: 12000 _9796 |
||
| 245 | _aJoseph Montzel e la sua orchestra | ||
| 250 | _a1a ed. | ||
| 260 | _aROMA | ||
| 260 | _bSIBILLA | ||
| 300 | _aDISCO | ||
| 300 | _c33 minuti (Testo: pag.) | ||
| 500 | _aMusica strumentale | ||
| 505 | _aUna cosa da niente (4:00) - Caro Paganini (3:00) - Mi perdo in te (3:00) - Una lacrima nel pugno (3:00) - La sua bocca (3:00) - Il bene che ti voglio (3:00) - Sempre più difficile (3:00) - Busserò alla tua porta (3:00) - Tu sei l'estate (4:00) - Non piove più (4:00) - Stasera me ne andrò (3:00) - Due calde lacrime (3:00) | ||
| 511 | _aDirettore d'orchestra: Montzel Joseph | ||
| 650 |
_aSTRUMENTALE [DISCHI] _eCodice MATERIA SPICS: 9950 _9828 |
||
| 700 |
_aMontzel Joseph _gCodice interprete SPICS: 11029 _eInterprete _918065 |
||
| 700 |
_aSurace D. _gCodice autore musica SPICS: 22538 _eAutore musica _pUna cosa da niente _918066 |
||
| 700 |
_aMonti Elvio _gCodice autore SPICS: 11030 _eAutore _pUna cosa da niente - Tu sei l'estate _918067 |
||
| 700 |
_aVuolo D. _gCodice autore testo/musica SPICS: 28278 _eAutore testo/musica _pUna cosa da niente _918068 |
||
| 700 |
_aBenedetto _gCodice autore musica SPICS: 13364 _eAutore musica _pCaro Paganini - Busserò alla tua porta _918069 |
||
| 700 |
_aAlfieri _gCodice autore testo/musica SPICS: 24559 _eAutore testo/musica _pCaro Paganini - Busserò alla tua porta _918070 |
||
| 700 |
_aPelleus _gCodice autore musica SPICS: 24144 _eAutore musica _pMi perdo in te - Sempre più difficile - Stasera me ne andrò _918071 |
||
| 700 |
_aSciascia _gCodice autore testo/musica SPICS: 24608 _eAutore testo/musica _pMi perdo in te _918072 |
||
| 700 |
_aDamele _gCodice autore musica SPICS: 24141 _eAutore musica _pUna lacrima nel pugno _918073 |
||
| 700 |
_aPalma _gCodice autore testo/musica SPICS: 28282 _eAutore testo/musica _pUna lacrima nel pugno _918074 |
||
| 700 |
_aRuthuard _gCodice autore musica SPICS: 11133 _eAutore musica _pLa sua bocca - Tu sei l'estate - Due calde lacrime _918075 |
||
| 700 |
_aPotieri _gCodice autore testo/musica SPICS: 28283 _eAutore testo/musica _pLa sua bocca _918076 |
||
| 700 |
_aBarone Emilia _gCodice autore testo/musica SPICS: 9531 _eAutore testo/musica _pIl bene che ti voglio _918077 |
||
| 700 |
_aFontana Jimmy _gCodice autore SPICS: 10905 _eAutore _pSempre più difficile _918078 |
||
| 700 |
_aBux _gCodice autore testo/musica SPICS: 28284 _eAutore testo/musica _pSempre più difficile _918079 |
||
| 700 |
_aRoberti Jean-Claude _gCodice autore testo/musica SPICS: 18787 _eAutore testo/musica _pTu sei l'estate _918080 |
||
| 700 |
_aZauli F. _gCodice autore musica SPICS: 24146 _eAutore musica _pNon piove più _918081 |
||
| 700 |
_aTassi _gCodice autore SPICS: 15775 _eAutore _pNon piove più _918082 |
||
| 700 |
_aBorri _gCodice autore testo/musica SPICS: 28285 _eAutore testo/musica _pNon piove più _918083 |
||
| 700 |
_aAnnino _gCodice autore testo/musica SPICS: 28286 _eAutore testo/musica _pStasera me ne andrò _918084 |
||
| 700 |
_aD'Andrea Franco _gCodice autore testo/musica SPICS: 16381 _eAutore musica _pDue calde lacrime _918085 |
||
| 942 |
_cMD _2ddc |
||